فيضا ن ا د ب (Record no. 93449)

MARC details
000 -LEADER
fixed length control field 00687nam a22002177a 4500
005 - DATE AND TIME OF LATEST TRANSACTION
control field 20150508164412.0
008 - FIXED-LENGTH DATA ELEMENTS--GENERAL INFORMATION
fixed length control field 140714b xxu||||| |||| 00| 0 Urdu d
010 ## - LCCN (DPL NO)
LC control number UR-8874
020 ## - INTERNATIONAL STANDARD BOOK NUMBER
Terms of availability 100.00
International Standard Book Number 9788192420295
035 ## - SYSTEM CONTROL NUMBER
System control number U-7429
037 ## - SOURCE OF ACQUISITION
Source of stock number/acquisition BPPD/Pub/Ven
040 ## - CATALOGING SOURCE
Original cataloging agency DPL
Language of cataloging Urdu
082 ## - DEWEY DECIMAL CLASSIFICATION NUMBER
Classification number 840.8
100 ## - MAIN ENTRY--PERSONAL NAME
Personal name قا ضی حبيب احمد
245 ## - TITLE STATEMENT
Title فيضا ن ا د ب
Statement of responsibility, etc قا ضی حبيب احمد
246 ## - VARYING FORM OF TITLE
Title proper/short title Faizan-e-Adab
Remainder of title By Qazi Habeeb Ahmed
260 ## - PUBLICATION, DISTRIBUTION, ETC. (IMPRINT)
Name of publisher, distributor, etc Applied Books
Date of publication, distribution, etc 2013
Place of publication, distribution, etc New Delhi
270 ## - ADDRESS
Address 1739/10,Pataudi House,Darya Ganj
City New Delhi
Telephone number 9444318785
Postal code 110002
300 ## - PHYSICAL DESCRIPTION
Extent 192ص
Dimensions 22Cm (Hb)
942 ## - ADDED ENTRY ELEMENTS (KOHA)
Source of classification or shelving scheme Dewey Decimal Classification
Item type Urdu Bks
Edition
Classification part 840.8
Call number suffix ق ا ض
Holdings
Withdrawn status Lost status Source of classification or shelving scheme Damaged status Not for loan Collection code Home library Current library Date acquired Source of acquisition Cost, normal purchase price Total Checkouts Full call number Barcode Date last seen Copy number Cost, replacement price Koha item type
    Dewey Decimal Classification   Not For Loan Non-fiction D.B.Act.Division D.B.Act.Division 08/05/2015 DBAD/Pub. 100.00   840.8 ق ا ض U-7429 08/05/2015 1 100.00 Urdu Bks

© Delhi Public Library
Hit Counter
free hit counter